000 00301nam a22001211a 4500
999 _c167899
_d167899
082 _aH 181.482
_bDAS/E
100 _aDasharath Ojha
245 _aEkta ke devdoot :
_bSankaracarya/
_cby Dasharath Ojha.
260 _aNew Delhi:
_bRajpal,
_c
300 _a
650 _aAdvaita Philosophy
942 _cBK